Normal view
MARC view
- Supercraft
Entry Topical Term
001 - CONTROL NUMBER
- control field: 122896
003 - CONTROL NUMBER IDENTIFIER
- control field: NUST
005 - DATE AND TIME OF LATEST TRANSACTION
- control field: 20240523115033.0
008 - FIXED-LENGTH DATA ELEMENTS
- fixed length control field: 240523|| aca||aabn | a|a d
040 ## - CATALOGING SOURCE
- Original cataloging agency: NUST
- Transcribing agency: NUST
150 ## - HEADING--TOPICAL TERM
- Topical term or geographic name entry element: Supercraft
670 ## - SOURCE DATA FOUND
- Source citation: Work cat.: (NUST): Pester, Sophie 122894, Supercraft, 2016.
